En la casa del pez que escupe agua

Salvato in:
Dettagli Bibliografici
Autore principale: Herrera Luque, Francisco
Natura: Libro
Lingua:Undetermined
Pubblicazione: La Habana, Cuba Casa de las Américas 1985
Soggetti:
Tags: Aggiungi Tag
Nessun Tag, puoi essere il primo ad aggiungerne!!

MARC

LEADER 00000nam a2200000Ia 4500
008 170316s9999 xx 000 0 und d
040 |a cru BVZT 
090 |a 860 H-10e 
100 |a Herrera Luque, Francisco 
245 |a En la casa del pez que escupe agua 
260 |a La Habana, Cuba 
260 |b Casa de las Américas 
260 |c 1985 
300 |a 583 páginas 
650 |a LITERATURA LATINOAMERICANA 
999 |c 8804  |d 8804 
942 |c 15 D  |h 860 H-10e  |2 z